000 01136cam a2200289 a 4500
001 1125099
005 20160929020003.0
008 941121s1995 inua bf 001 0 eng
010 _a 94025315
020 _a1571120688
040 _aDLC
_cDLC
_dDLC
050 0 0 _aLB1025.3.W37 1995
_b.W37 1995
082 0 0 _220
100 1 _aWarner, Jack,
_d1935-
245 1 4 _aThe unauthorized teacher's survival guide /
_cby Jack Warner and Clyde Bryan with Diane Warner.
246 3 0 _aTeacher's survival guide
260 _aIndianapolis :
_bPark Avenue,
_cc1995.
300 _axii, 178 p. :
_bill. ;
_c23 cm.
504 _aIncludes bibliographical references (p. 169-170) and index.
650 0 _aTeaching
_xHandbooks, manuals, etc.
650 0 _aClassroom management
_xHandbooks, manuals, etc.
700 1 _aBryan, Clyde,
_d1935-
700 1 _aWarner, Diane.
906 _a7
_bcbc
_corignew
_d1
_eocip
_f19
_gy-gencatlg
942 _2lcc
_cBOOKS
_hLB1025.3.W37 1995
_01
999 _c13411
_d13411